| 000 | 00643nam a2200181Ia 4500 | ||
|---|---|---|---|
| 008 | 090122s9999 xx 000 0 und d | ||
| 082 |
_b14005 _a891.468 |
||
| 100 |
_aशेवते _bअरुण |
||
| 245 | _aवृक्षवल्ली आम्हा सोयरे | ||
| 260 |
_bअनघा _c2007 |
||
| 300 | _a120 | ||
| 501 | _a028 - 26/12/2008 अनघा प्रकाशन ठाणे | ||
| 600 | _aशेवते | ||
| 630 | _aवृक्षवल्ली आम्हा सोयरे | ||
| 700 | _aशेवते | ||
| 730 | _aवृक्षवल्ली आम्हा सोयरे | ||
| 942 | _cBOOK | ||
| 999 |
_c38082 _d38082 |
||